Scottish house (Record no. 109599)

MARC details
000 -LEADER
fixed length control field 01503cad a22002295a 4500
001 - CONTROL NUMBER
control field L147518
008 - FIXED-LENGTH DATA ELEMENTS--GENERAL INFORMATION
fixed length control field 090519s2001 xxk f s s000 0 eng d
035 ## - SYSTEM CONTROL NUMBER
System control number (Sirsi) u147518
041 0# - LANGUAGE CODE
Language code of text/sound track or separate title eng
050 04 - LIBRARY OF CONGRESS CALL NUMBER
Classification number 333.72 $2 18
100 1# - MAIN ENTRY--PERSONAL NAME
Personal name Halliday, Sandy
245 00 - TITLE STATEMENT
Title Scottish house
Remainder of title a review of recent experience in building individual and small groups of houses with a view to sustainability, the use of traditional & new materials, and innovative design
Medium [electronic resource]
260 ## - PUBLICATION, DISTRIBUTION, ETC.
Place of publication, distribution, etc. [Edinburgh]
Name of publisher, distributor, etc. Scottish Executive Central Research Unit
Date of publication, distribution, etc. 2001
505 2# - FORMATTED CONTENTS NOTE
Formatted contents note Executive summary -- Chapter one: policy background -- Chapter two: the study methodology -- Chapter three: case studies -- Chapter four: research findings -- Chapter five: suggested further research and dissemination activity -- Bibliography -- Acknowledgements
520 ## - SUMMARY, ETC.
Summary, etc. Suggests that although some sustainable design can be challenging to visual traditions, the designs can still be of high quality and can be a better option that a less sustainable building. Argues that a lack of knowledge amongst relevant bodies could be preventing innovative technical developments from being more widely applied.
521 ## - TARGET AUDIENCE NOTE
Target audience note Advanced
651 #4 - SUBJECT ADDED ENTRY--GEOGRAPHIC NAME
Geographic name International
690 ## - LOCAL SUBJECT ADDED ENTRY--TOPICAL TERM (OCLC, RLIN)
Topical term or geographic name as entry element ENVIRONMENTAL AND LAND CONSULTANCY-SUSTAINABILITY-SUSTAINABLE DEVELOPMENT
700 1# - ADDED ENTRY--PERSONAL NAME
Personal name Pemberton, Gill
856 40 - ELECTRONIC LOCATION AND ACCESS
Uniform Resource Identifier <a href="https://www.scotland.gov.uk/Publications/2002/03/14394/1081">https://www.scotland.gov.uk/Publications/2002/03/14394/1081</a>
Public note View the report free of charge at www.scotland.gov.uk...
942 ## - ADDED ENTRY ELEMENTS (KOHA)
Suppress in OPAC 0
Holdings
Withdrawn status Lost status Source of classification or shelving scheme Damaged status Not for loan Home library Current library Shelving location Date acquired Total Checkouts Full call number Barcode Date last seen Copy number Price effective from Koha item type
    Dewey Decimal Classification     Virtual Virtual Online 19/05/2009   ONLINE PUBLICATION 147518-2001 06/08/2019 1 06/08/2019 Book